[Event "26e tournoi 1hKO"]
[Site "Montigny le Bretonneux"]
[Date "2024.05.11"]
[Round "5.17"]
[White "Orfila, Hugo"]
[Black "Tanchoux, Pierre"]
[Result "0-1"]
[WhiteElo "1009"]
[BlackElo "1547"]
[Annotator "Rivier,Sylvain"]
[PlyCount "104"]
[EventDate "2024.??.??"]
[WhiteTeam "Club d'Echecs de Guyancourt"]
[BlackTeam "La Dame Noire"]

{Défense moderne} 1. e4 d6 2. d4 g6 3. Nf3 Bg7 4. Nc3 Nd7 5. Bb5 c6 6. Bc4 e6
7. b3 b5 8. Bd3 a6 9. Bb2 Ne7 10. O-O O-O 11. Re1 Bb7 12. Qd2 c5 13. dxc5 Nxc5
14. b4 Nxd3 15. cxd3 Re8 16. e5 dxe5 17. Nxe5 Nd5 18. Ne2 Qd6 19. Nf4 Nxf4 20.
Qxf4 Rf8 21. Nxg6 Qxf4 22. Nxf4 Bxb2 23. Rab1 Bg7 24. Nh5 Rac8 25. Nxg7 Kxg7
26. f4 Kh8 27. Rf1 Rc2 28. Rf2 Rfc8 29. g4 Rxf2 30. Kxf2 Rc2+ 31. Kg3 Bd5 32.
h4 Bxa2 33. g5 Bxb1 34. Kg4 Rg2+ 35. Kh5 Bxd3 36. g6 fxg6+ 37. Kh6 Rg4 38. f5
Rxh4+ 39. Kg5 Rh5+ 40. Kg4 exf5+ 41. Kf3 Kg7 42. Ke3 Be4 43. Kd4 Rh2 44. Kc5
Rc2+ 45. Kb6 Rc6+ 46. Ka5 Rc4 47. Kxa6 Rxb4 48. Ka5 Rb1 49. Kb6 b4 50. Kb5 b3
51. Kb4 Bc2 52. Kc3 h5 0-1

[Event "26e tournoi 1hKO"]
[Site "Montigny le Bretonneux"]
[Date "2024.05.11"]
[Round "5.18"]
[White "El Yaalaoui, Asiya"]
[Black "Badjate, Nishchal"]
[Result "0-1"]
[WhiteElo "1099"]
[BlackElo "1199"]
[Annotator "Rivier,Sylvain"]
[PlyCount "144"]
[EventDate "2024.??.??"]
[WhiteTeam "Club d'Echecs de Guyancourt"]
[BlackTeam "La Dame Noire"]

{Défense Pirc} 1. e4 d6 2. Nc3 g6 3. Nf3 Nf6 4. Bc4 Bg7 5. O-O O-O 6. d3 b6 7.
Bg5 Bb7 8. Bxf6 Bxf6 9. Nd5 Bg7 10. Qd2 Nc6 11. Qf4 Qe8 12. Nxc7 Qd7 13. Nxa8
Bxa8 14. Ng5 e5 15. Qh4 h5 16. c3 Bb7 17. Bb5 a6 18. Bc4 b5 19. Bd5 Ne7 20.
Bxb7 Qxb7 21. Qg3 f5 22. exf5 Nxf5 23. Qf3 d5 24. Ne6 e4 25. Qf4 Re8 26. Nxg7
Qxg7 27. b3 Qxc3 28. Rad1 exd3 29. Qg5 Kh7 30. Qd2 b4 31. Qxc3 bxc3 32. Rxd3
Rc8 33. Rfd1 d4 34. a4 Rb8 35. f3 Rxb3 36. g4 Nh4 37. Rxd4 Nxf3+ 38. Kf2 Nxd4
39. Ke3 Ne6 40. Kd3 Nc5+ 41. Kc4 Rb2 42. Kxc5 c2 43. gxh5 gxh5 44. Rc1 Rb1 45.
Rxc2 Rf1 46. Kc4 Rf4+ 47. Kb3 a5 48. Rg2 Rb4+ 49. Ka3 Kh6 50. Rf2 h4 51. Rf5
Rd4 52. Rxa5 h3 53. Ra6+ Kg5 54. Re6 Rd2 55. Re5+ Kf4 56. Rh5 Rxh2 57. a5 Kg4
58. Rh7 Re2 59. Rh8 Re1 60. a6 Ra1+ 61. Kb2 Rxa6 62. Rg8+ Kh4 63. Kc2 h2 64.
Kd2 Rh6 65. Ke3 h1=Q 66. Kf4 Rf6+ 67. Ke5 Qc6 68. Kd4 Qd7+ 69. Ke5 Qe7+ 70. Kd5
Rd6+ 71. Kc4 Qc7+ 72. Kb4 Rb6+ 0-1

[Event "26e tournoi 1hKO"]
[Site "Montigny le Bretonneux"]
[Date "2024.05.11"]
[Round "5.19"]
[White "El Ghak, Karim"]
[Black "Orfila, Leila"]
[Result "1-0"]
[WhiteElo "1199"]
[BlackElo "1009"]
[Annotator "Rivier,Sylvain"]
[PlyCount "71"]
[EventDate "2024.??.??"]
[WhiteTeam "La Dame Noire"]
[BlackTeam "Club d'Echecs de Guyancourt"]

{Partie du pion dame} 1. d4 d5 2. Bf4 Nc6 3. c3 Bf5 4. e3 Nf6 5. Nf3 e6 6. Bb5
Be7 7. Ne5 O-O 8. Nxc6 bxc6 9. Bxc6 Rb8 10. Qe2 Bd6 11. Bg3 Bxg3 12. hxg3 Qd6
13. Ba4 c6 14. Bb3 Rb7 15. Nd2 a5 16. Nf3 Qb8 17. Ne5 a4 18. Nxc6 Qc7 19. Bxa4
Ra8 20. Bb5 Ra5 21. Nxa5 Qxa5 22. a4 Ra7 23. O-O g6 24. Bd3 Kg7 25. Rfc1 Ra8
26. f3 Bxd3 27. Qxd3 Ra6 28. Qb5 Qxb5 29. axb5 Rxa1 30. Rxa1 Nd7 31. Ra6 h5 32.
b6 f6 33. b7 g5 34. Rxe6 Nf8 35. Re7+ Kg6 36. b8=Q 1-0

[Event "26e tournoi 1hKO"]
[Site "Montigny le Bretonneux"]
[Date "2024.05.11"]
[Round "5.20"]
[White "Berhaut, Antoine"]
[Black "Carbonero, Jean Marc"]
[Result "1-0"]
[WhiteElo "1009"]
[BlackElo "1299"]
[Annotator "Rivier,Sylvain"]
[PlyCount "61"]
[EventDate "2024.??.??"]
[WhiteTeam "Club d'Echecs de Guyancourt"]
[BlackTeam "Saint-Quentin en Yvelines"]

{Partie italienne} 1. e4 e5 2. Nf3 Nc6 3. Bc4 h6 4. O-O a6 5. Nc3 Nf6 6. a4 d6
7. d4 Ne7 8. b4 b5 9. Bd3 c5 10. d5 Bb7 11. Be2 cxb4 12. Nb1 Nxe4 13. axb5 axb5
14. Rxa8 Bxa8 15. Bxb5+ Nc6 16. dxc6 Qc7 17. Qd5 Nf6 18. Qc4 d5 19. Qb3 Bxc6
20. Bxc6+ Qxc6 21. Re1 e4 22. Ne5 Qe6 23. Qa4+ Kd8 24. Nc6+ Kc7 25. Nd4 Qb6 26.
Bf4+ Kb7 27. Rd1 Bc5 28. Nb3 Bxf2+ 29. Kf1 g5 30. Na5+ Ka6 31. Nc4+ 1-0

[Event "26e tournoi 1hKO"]
[Site "Montigny le Bretonneux"]
[Date "2024.05.11"]
[Round "6.1"]
[White "El Farihi, Mohsine"]
[Black "Briquet, Jean-Pierre"]
[Result "0-1"]
[WhiteElo "2073"]
[BlackElo "1981"]
[Annotator "Rivier,Sylvain"]
[PlyCount "52"]
[EventDate "2024.??.??"]
[WhiteTeam "Gambit Roi de Carrieres sur Seine"]
[BlackTeam "Palamede Echecs"]

{Début Réti} 1. d4 d5 2. Nf3 Nf6 3. e3 c5 4. Be2 Bg4 5. O-O e6 6. b3 Nc6 7.
Bb2 Bd6 8. Nbd2 O-O 9. c4 cxd4 10. exd4 Rc8 11. c5 Bb8 12. a3 Re8 13. b4 a6 14.
Re1 Qc7 15. Nf1 Ne4 16. Ne5 Bxe2 17. Rxe2 Qd8 18. Re3 f5 19. Rh3 Qf6 20. Nd7
Qf7 21. Nxb8 Rxb8 22. Qd3 Ne7 23. Re1 Ng6 24. Bc1 f4 25. Qc2 Ng5 26. Rc3 f3 {
suite illisible} 0-1

[Event "26e tournoi 1hKO"]
[Site "Montigny le Bretonneux"]
[Date "2024.05.11"]
[Round "6.2"]
[White "Bordier, Hugo"]
[Black "Nosperger, Mael"]
[Result "0-1"]
[WhiteElo "1693"]
[BlackElo "1727"]
[Annotator "Rivier,Sylvain"]
[PlyCount "96"]
[EventDate "2024.??.??"]
[WhiteTeam "Echiquier de la Butte"]
[BlackTeam "Palamede Echecs"]

{Défense sicilienne, variante Alapine} 1. e4 c5 2. c3 d5 3. exd5 Qxd5 4. d4 e5
5. dxe5 Qxd1+ 6. Kxd1 Nc6 7. f4 Bg4+ 8. Be2 Bxe2+ 9. Nxe2 f6 10. exf6 Nxf6 11.
h3 O-O-O+ 12. Kc2 Nd5 13. Na3 Bd6 14. Nc4 Bc7 15. g3 Rhe8 16. Re1 b5 17. Na3 a6
18. Bd2 Nf6 19. Rad1 Ne4 20. Be3 Rxd1 21. Kxd1 Rd8+ 22. Kc2 c4 23. Nb1 Ne7 24.
Nd2 Nf5 25. Nxe4 Nxe3+ 26. Kc1 Re8 27. Nd4 Rxe4 28. Kd2 Rxd4+ 29. cxd4 Ba5+ 30.
Kxe3 Bxe1 31. g4 b4 32. Ke2 Bg3 33. f5 c3 34. bxc3 bxc3 35. Kd3 Be1 36. h4 Kd7
37. h5 Ke7 38. g5 Bd2 39. d5 Bxg5 40. Kxc3 Kd6 41. Kc4 Bf6 42. Kb4 Kxd5 43. Ka5
Ke5 44. Kxa6 Kxf5 45. a4 g5 46. hxg6 hxg6 47. Kb5 Bd4 48. Kc4 Ke4 0-1

[Event "26e tournoi 1hKO"]
[Site "Montigny le Bretonneux"]
[Date "2024.05.11"]
[Round "6.3"]
[White "Gaziello, Marc"]
[Black "Forissier, Nicolas"]
[Result "1/2-1/2"]
[WhiteElo "1716"]
[BlackElo "1931"]
[Annotator "Rivier,Sylvain"]
[PlyCount "51"]
[EventDate "2024.??.??"]
[WhiteTeam "Club d'Echecs de l'Arpajonnais"]
[BlackTeam "La Dame Noire"]

{Défense Grünfeld, variante d'échange} 1. d4 Nf6 2. c4 g6 3. Nc3 d5 4. cxd5
Nxd5 5. Na4 Bg7 6. e4 Nf6 7. f3 O-O 8. Be3 c6 9. Bd3 Nfd7 10. Ne2 b5 11. Nac3
Qa5 12. O-O Nb6 13. Qd2 Be6 14. b3 N8d7 15. Nf4 Rac8 16. Nxe6 fxe6 17. Ne2 Qxd2
18. Bxd2 a6 19. Be3 c5 20. Rac1 c4 21. bxc4 Nxc4 22. Bxc4 bxc4 23. Rc2 Rc7 24.
Kf2 Rfc8 25. Nf4 Kf7 26. Rfc1 {suite illisible} 1/2-1/2

[Event "26e tournoi 1hKO"]
[Site "Montigny le Bretonneux"]
[Date "2024.05.11"]
[Round "6.4"]
[White "Briquet, Tom"]
[Black "Corbillet, Mathieu"]
[Result "1-0"]
[WhiteElo "1901"]
[BlackElo "1699"]
[Annotator "Rivier,Sylvain"]
[PlyCount "85"]
[EventDate "2024.??.??"]
[WhiteTeam "Palamede Echecs"]
[BlackTeam "La Dame Noire"]

{Partie italienne, guiocco piano} 1. e4 e5 2. Nf3 Nc6 3. Bc4 Bc5 4. c3 d6 5. h3
Nf6 6. d3 h6 7. O-O O-O 8. Nbd2 Qe7 9. Bb3 Bd7 10. Re1 Rad8 11. Nf1 Nh7 12. Ng3
Be6 13. Bc2 f5 14. exf5 Bxf5 15. Nxf5 Bxf2+ 16. Kxf2 Rxf5 17. Kg1 Rdf8 18. d4
R5f6 19. Bxh7+ Kxh7 20. Be3 e4 21. Nh2 d5 22. Qe2 Rg6 23. Rf1 Rff6 24. Rxf6
Qxf6 25. Rf1 Qe6 26. Kh1 Ne7 27. Ng4 Nf5 28. Qf2 Nxe3 29. Qxe3 Qd6 30. Ne5 Rf6
31. Rf4 g5 32. Rxf6 Qxf6 33. Kg1 c5 34. Qf2 Qf4 35. Qxf4 gxf4 36. dxc5 Kg7 37.
c6 bxc6 38. Nxc6 Kf6 39. Nxa7 e3 40. Kf1 Kf5 41. Nc6 Ke4 42. Ke2 h5 43. a4 1-0

[Event "26e tournoi 1hKO"]
[Site "Montigny le Bretonneux"]
[Date "2024.05.11"]
[Round "6.5"]
[White "Neveu, Raphael"]
[Black "Ruiz, Alexandra"]
[Result "1-0"]
[WhiteElo "1626"]
[BlackElo "1518"]
[Annotator "Rivier,Sylvain"]
[PlyCount "63"]
[EventDate "2024.??.??"]
[WhiteTeam "La Dame Noire"]
[BlackTeam "Club d'Echecs du Vesinet"]

{Défense sicilienne, variante Alapine} 1. e4 c5 2. c3 d5 3. exd5 Qxd5 4. d4
Nf6 5. Nf3 Bf5 6. Bd3 Bxd3 7. Qxd3 Nc6 8. h3 e5 9. O-O Bd6 10. c4 Qe4 11. Qxe4
Nxe4 12. dxe5 Nxe5 13. Nxe5 O-O 14. Nf3 Rfe8 15. Re1 Rad8 16. Nbd2 Nxd2 17.
Rxe8+ Rxe8 18. Bxd2 Re2 19. Re1 Rxe1+ 20. Nxe1 f5 21. Nd3 Kf7 22. Bf4 Be7 23.
Bb8 a6 24. Ba7 b5 25. Nxc5 Bxc5 26. Bxc5 bxc4 27. Kf1 Ke6 28. Ke2 Kd5 29. Bb4
g6 30. Ke3 h5 31. Kf4 Ke6 32. b3 1-0

[Event "26e tournoi 1hKO"]
[Site "Montigny le Bretonneux"]
[Date "2024.05.11"]
[Round "6.6"]
[White "Chevrier, Denis"]
[Black "Lim, Chin"]
[Result "1-0"]
[WhiteElo "1738"]
[BlackElo "1914"]
[Annotator "Rivier,Sylvain"]
[PlyCount "94"]
[EventDate "2024.??.??"]
[WhiteTeam "Club d'Echecs de l'Arpajonnais"]
[BlackTeam "La Dame Noire"]

{Défense est-indienne} 1. c4 Nf6 2. Nc3 g6 3. g3 Bg7 4. Bg2 d6 5. e3 c5 6.
Nge2 Nc6 7. d4 cxd4 8. exd4 O-O 9. O-O Bg4 10. Be3 a6 11. Qd2 Re8 12. Nf4 Rc8
13. Rac1 Na5 14. b3 Nc6 15. Rfe1 Qc7 16. h3 Bf5 17. Ncd5 Qd8 18. Nxf6+ Bxf6 19.
Nd5 Bg7 20. Nb4 Bd7 21. d5 Nxb4 22. Qxb4 b5 23. cxb5 Rxc1 24. Rxc1 Bxb5 25. a4
Bd7 26. Qb6 Qxb6 27. Bxb6 Rc8 28. Rc7 Rxc7 29. Bxc7 Bc3 30. Bf1 a5 31. Kg2 h5
32. Kf3 Bf5 33. h4 Kg7 34. Ke3 Kf6 35. Bd3 Bg4 36. Bb6 Be1 37. Bd4+ e5 38. Bb6
Bd1 39. Bd8+ Kg7 40. Bc4 Kf8 41. f4 Ke8 42. Bb6 Bxg3 43. fxe5 Bxh4 44. exd6 Be1
45. Bb5+ Kf8 46. d7 Bh4 47. d6 Bxb3 {suite illisible} 1-0

[Event "26e tournoi 1hKO"]
[Site "Montigny le Bretonneux"]
[Date "2024.05.11"]
[Round "6.7"]
[White "Bouloc, Roger"]
[Black "Appavou, Calixte"]
[Result "0-1"]
[WhiteElo "1567"]
[BlackElo "1787"]
[Annotator "Rivier,Sylvain"]
[PlyCount "72"]
[EventDate "2024.??.??"]
[WhiteTeam "La Dame Noire"]
[BlackTeam "Saint-Quentin en Yvelines"]

{Défense scandinave} 1. e4 d5 2. exd5 Nf6 3. d4 Nxd5 4. Nf3 c6 5. Be2 Bg4 6.
O-O e6 7. c3 Nd7 8. a3 Bd6 9. c4 Nf4 10. Bxf4 Bxf4 11. Nbd2 O-O 12. Re1 Rc8 13.
c5 Nf6 14. Nb3 Nd5 15. Ne5 Bf5 16. Bd3 Bxd3 17. Qxd3 f6 18. Nf3 Re8 19. Rad1
Bb8 20. Qc4 Rc7 21. Nbd2 Rce7 22. b4 e5 23. dxe5 Bxe5 24. Nxe5 Rxe5 25. Rxe5
Rxe5 26. Nf3 Re7 27. a4 Qe8 28. g3 Re4 29. Rd4 f5 30. Nh4 Qe6 31. Nf3 h6 32.
Kg2 Nf4+ 33. gxf4 Qxc4 34. Rxc4 Rxc4 35. Nh4 Rxf4 36. Ng6 Rg4+ 0-1

[Event "26e tournoi 1hKO"]
[Site "Montigny le Bretonneux"]
[Date "2024.05.11"]
[Round "6.8"]
[White "Spinos, Steven"]
[Black "Branson, James"]
[Result "0-1"]
[WhiteElo "1573"]
[BlackElo "1680"]
[Annotator "Rivier,Sylvain"]
[PlyCount "96"]
[EventDate "2024.??.??"]
[WhiteTeam "La Tour de Mantes"]
[BlackTeam "Club d'Echecs de Guyancourt"]

{Défense Nimzo-indienne, système Rubinstein} 1. d4 Nf6 2. Nf3 d5 3. e3 c5 4.
c4 cxd4 5. exd4 dxc4 6. Bxc4 e6 7. Nc3 Be7 8. O-O O-O 9. Bf4 Nc6 10. Nb5 a6 11.
Qa4 Qa5 12. Qxa5 Nxa5 13. Nc7 Ra7 14. Rac1 Nc6 15. Rfd1 Nh5 16. Be3 b6 17. d5
Rxc7 18. dxc6 Rxc6 19. Ne5 Rd6 20. Rxd6 Bxd6 21. Nf3 b5 22. Bb3 Bb7 23. Rd1 Bf4
24. Bxf4 Nxf4 25. Rd4 Ne2+ 26. Kf1 Nxd4 27. Nxd4 Rc8 28. f3 Bd5 29. Bxd5 exd5
30. Nf5 Kf8 31. Nd4 Rc4 32. Ne2 Rc2 33. Nc3 d4 34. Nd1 d3 35. a3 a5 36. g4 Rxh2
37. Nf2 b4 38. axb4 axb4 39. Nxd3 b3 40. Nf2 Rh6 41. Ke2 Rc6 42. Kd3 h6 43. Ke3
g6 44. Kd3 h5 45. Ke3 h4 46. Nd1 h3 47. Kf2 Rc2+ 48. Kg1 Rc1 0-1

[Event "26e tournoi 1hKO"]
[Site "Montigny le Bretonneux"]
[Date "2024.05.11"]
[Round "6.9"]
[White "Meddour, Ithri"]
[Black "Baysse, Nathan"]
[Result "0-1"]
[WhiteElo "1563"]
[BlackElo "1601"]
[Annotator "Rivier,Sylvain"]
[PlyCount "116"]
[EventDate "2024.??.??"]
[WhiteTeam "Saint-Quentin en Yvelines"]
[BlackTeam "La Dame Noire"]

{Partie espagnole, défense Steinitz} 1. Nf3 Nc6 2. Nc3 Nf6 3. e4 e5 4. Bb5 d6
5. d4 exd4 6. Nxd4 Bd7 7. f3 Be7 8. Be3 O-O 9. Qd2 Nxd4 10. Bxd7 Nxc2+ 11. Qxc2
Qxd7 12. Qe2 a6 13. Rd1 Qc8 14. O-O c5 15. Bg5 h6 16. Bxf6 Bxf6 17. Nd5 Qd8 18.
Qd2 Bd4+ 19. Kh1 b5 20. b4 Rb8 21. a3 Qd7 22. Rc1 Rfd8 23. Rfd1 Qe6 24. Nc7 Qc8
25. Nd5 Qd7 26. Rc2 Kf8 27. h3 Kg8 28. Kh2 Kh8 29. Kh1 f5 30. bxc5 dxc5 31. Nf4
Rbc8 32. Ne2 fxe4 33. fxe4 Rc6 34. e5 Qe6 35. Qf4 Rcc8 36. Nxd4 Rxd4 37. Rxd4
cxd4 38. Rxc8+ Qxc8 39. Qxd4 Kg8 40. Kh2 Qe6 41. Qd6 Qxd6 42. exd6 Kf7 43. Kg3
Ke6 44. Kf3 Kxd6 45. Ke3 Kc5 46. Kd3 b4 47. a4 g5 48. g3 a5 49. h4 gxh4 50.
gxh4 h5 51. Kc2 Kc4 52. Kb2 Kd4 53. Kb3 Kd3 54. Kb2 Ke3 55. Kb3 Kf3 56. Kc4 Kg4
57. Kb5 Kxh4 58. Kxa5 b3 0-1

[Event "26e tournoi 1hKO"]
[Site "Montigny le Bretonneux"]
[Date "2024.05.11"]
[Round "6.10"]
[White "Goujon, Antoine"]
[Black "Couradin, Bruno"]
[Result "0-1"]
[WhiteElo "1762"]
[BlackElo "1579"]
[Annotator "Rivier,Sylvain"]
[PlyCount "59"]
[EventDate "2024.??.??"]
[WhiteTeam "CE Le Roi Soleil - Le Chesnay - Versailles"]
[BlackTeam "La Dame Noire"]

{Ouverture du pion dame} 1. d4 e6 2. Nc3 Nf6 3. Bf4 Bb4 4. e3 Nd5 5. Nge2 Nc6
6. a3 Ba5 7. b4 Nxc3 8. Nxc3 Bb6 9. Qg4 Qf6 10. Ne4 Qg6 11. Qf3 d5 12. Nc5 Qxc2
13. Qd1 Qc3+ 14. Ke2 O-O 15. Kf3 f6 16. Qc1 Qxc1 17. Rxc1 e5 18. Bg3 exd4 19.
exd4 Nxd4+ 20. Ke3 Nf5+ 21. Kd2 Nxg3 22. hxg3 Bf5 23. Bd3 Bxd3 24. Nxd3 c6 25.
a4 Rfe8 26. b5 Rac8 27. Nc5 cxb5 28. Nxb7 Rxc1 29. Rxc1 Bxf2 30. axb5 0-1

[Event "26e tournoi 1hKO"]
[Site "Montigny le Bretonneux"]
[Date "2024.05.11"]
[Round "6.11"]
[White "Couradin, Jean-Marie"]
[Black "Corbeau, Lou"]
[Result "1-0"]
[WhiteElo "1679"]
[BlackElo "1445"]
[Annotator "Rivier,Sylvain"]
[PlyCount "49"]
[EventDate "2024.??.??"]
[WhiteTeam "La Dame Noire"]
[BlackTeam "Nogent le Roi"]

{Gambit dame} 1. d4 Nf6 2. Nf3 d5 3. e3 Bf5 4. c4 e6 5. Nc3 Bd6 6. c5 Be7 7.
Be2 O-O 8. Nh4 Bg6 9. Nxg6 hxg6 10. Bd2 Nbd7 11. b4 c6 12. Qc2 b5 13. O-O Qc7
14. a4 a6 15. f4 Nh7 16. e4 f5 17. exd5 exd5 18. Bf3 Nhf6 19. Qb3 Ne4 20. Nxe4
fxe4 21. Bxe4 Kh7 22. Qh3+ Kg8 23. Bxg6 Nf6 24. Qe6+ Kh8 25. Rf3 1-0

[Event "26e tournoi 1hKO"]
[Site "Montigny le Bretonneux"]
[Date "2024.05.11"]
[Round "6.12"]
[White "Pelletier, Sylvain"]
[Black "Montay, Jean-Paul"]
[Result "1-0"]
[WhiteElo "1598"]
[BlackElo "1558"]
[Annotator "Rivier,Sylvain"]
[PlyCount "47"]
[EventDate "2024.??.??"]
[WhiteTeam "Club d'Echecs de Guyancourt"]
[BlackTeam "La Dame Noire"]

{Partie italienne} 1. e4 e5 2. Nf3 Nc6 3. d4 exd4 4. Bc4 Be7 5. c3 d6 6. cxd4
Nf6 7. d5 Ne5 8. Nxe5 dxe5 9. Nc3 O-O 10. O-O b6 11. f4 Nd7 12. Qe1 Bc5+ 13.
Kh1 Bd4 14. Qg3 Qf6 15. f5 h6 16. Qg4 a6 17. Rf3 Kh7 18. Rh3 Rg8 19. d6 g5 20.
Nd5 Qd8 21. Qh5 Qf8 22. Bxg5 f6 23. Bxh6 Qe8 24. Bf8+ 1-0

[Event "26e tournoi 1hKO"]
[Site "Montigny le Bretonneux"]
[Date "2024.05.11"]
[Round "6.13"]
[White "Ancey, Remi"]
[Black "Guerillon, Sylvain"]
[Result "0-1"]
[WhiteElo "1483"]
[BlackElo "1687"]
[Annotator "Rivier,Sylvain"]
[PlyCount "22"]
[EventDate "2024.??.??"]
[WhiteTeam "Club d'Echecs de Triel sur Seine"]
[BlackTeam "Club d'Echecs de Triel sur Seine"]

{Défense sicilienne, variante Taïmanov} 1. e4 c5 2. Nf3 Nc6 3. Bc4 e6 4. d4
cxd4 5. Nxd4 Bc5 6. Nxc6 bxc6 7. Nc3 Nf6 8. Bb3 Ba6 9. Bg5 h6 10. Bh4 Nxe4 11.
Bxd8 Bxf2# 0-1

[Event "26e tournoi 1hKO"]
[Site "Montigny le Bretonneux"]
[Date "2024.05.11"]
[Round "6.14"]
[White "Badjate, Nishchal"]
[Black "Fasquelle, Yann"]
[Result "0-1"]
[WhiteElo "1199"]
[BlackElo "1569"]
[Annotator "Rivier,Sylvain"]
[PlyCount "80"]
[EventDate "2024.??.??"]
[WhiteTeam "La Dame Noire"]
[BlackTeam "Saint-Quentin en Yvelines"]

{Défense Pirc, variante classique} 1. d4 Nf6 2. Nf3 g6 3. Nc3 Bg7 4. Bf4 d6 5.
e4 O-O 6. Bd3 c5 7. d5 Qb6 8. b3 Qb4 9. Bd2 Qb6 10. Be3 Ng4 11. Bf4 Bxc3+ 12.
Bd2 Bxa1 13. Qxa1 c4 14. Bxc4 Qxf2+ 15. Kd1 Ne3+ 16. Kc1 Nxc4 17. Bh6 f6 18.
Ng5 Qd2+ 19. Kb1 Na3+ 20. Kb2 Nxc2 21. Qc1 Qxc1+ 22. Rxc1 Na6 23. Nxh7 Nab4 24.
Kc3 Nxa2+ 25. Kxc2 Nxc1 26. Kxc1 Re8 27. Nxf6+ exf6 28. Bf4 Rxe4 29. Bxd6 Rd4
30. Be7 Rxd5 31. Bxf6 Bf5 32. Kb2 Rd2+ 33. Kc3 Rxg2 34. h4 Rc8+ 35. Kb4 a6 36.
Ka5 Rc6 37. Kb4 Rxf6 38. Ka3 Rg4 39. h5 gxh5 40. b4 h4 0-1

[Event "26e tournoi 1hKO"]
[Site "Montigny le Bretonneux"]
[Date "2024.05.11"]
[Round "6.15"]
[White "El Yaalaoui, Adam"]
[Black "Adsul, Tanush"]
[Result "1-0"]
[WhiteElo "1558"]
[BlackElo "1199"]
[Annotator "Rivier,Sylvain"]
[PlyCount "39"]
[EventDate "2024.??.??"]
[WhiteTeam "Club d'Echecs de Guyancourt"]
[BlackTeam "La Dame Noire"]

{Défense sicilienne, variante de Scheveningue} 1. e4 d6 2. d4 Nf6 3. Nc3 e6 4.
Bg5 Be7 5. Bd3 c5 6. Nge2 cxd4 7. Nxd4 e5 8. Nde2 Nxe4 9. Nxe4 Bf5 10. Bxe7
Qxe7 11. Bb5+ Nc6 12. Bxc6+ bxc6 13. Nxd6+ Kf8 14. Nxf5 Qb4+ 15. c3 Qxb2 16.
Qd6+ Kg8 17. Ne7+ Kf8 18. Ng6+ Kg8 19. Qf8+ Rxf8 20. Ne7# 1-0

[Event "26e tournoi 1hKO"]
[Site "Montigny le Bretonneux"]
[Date "2024.05.11"]
[Round "6.16"]
[White "Tanchoux, Pierre"]
[Black "Zoubko, Kyril"]
[Result "1-0"]
[WhiteElo "1547"]
[BlackElo "1199"]
[Annotator "Rivier,Sylvain"]
[PlyCount "59"]
[EventDate "2024.??.??"]
[WhiteTeam "La Dame Noire"]
[BlackTeam "La Dame Noire"]

{Début Réti, système Barcza} 1. Nf3 Nc6 2. g3 e5 3. d3 d5 4. Bg2 Nf6 5. O-O
Bd6 6. Nbd2 O-O 7. e4 d4 8. Re1 Ng4 9. h3 Nf6 10. c3 b5 11. cxd4 Bb7 12. dxe5
Nxe5 13. Nxe5 Bxe5 14. Qc2 Qd6 15. Nf3 Bc8 16. Nxe5 Qxe5 17. Bf4 Qe7 18. Bxc7
Bb7 19. Rac1 Rac8 20. Qc5 Qd7 21. Qd6 Rxc7 22. Qxc7 Qxc7 23. Rxc7 Bc8 24. Rec1
Be6 25. a3 Ra8 26. R1c5 g6 27. Kh2 a6 28. e5 Ng4+ 29. hxg4 Bxg4 30. Bxa8 1-0

[Event "26e tournoi 1hKO"]
[Site "Montigny le Bretonneux"]
[Date "2024.05.11"]
[Round "6.17"]
[White "El Ghak, Karim"]
[Black "Elie, Nicolas"]
[Result "1-0"]
[WhiteElo "1199"]
[BlackElo "1009"]
[Annotator "Rivier,Sylvain"]
[PlyCount "49"]
[EventDate "2024.??.??"]
[WhiteTeam "La Dame Noire"]
[BlackTeam "Club d'Echecs de Guyancourt"]

{Partie du pion dame} 1. d4 d5 2. Bf4 Bf5 3. c4 dxc4 4. Nc3 e6 5. e4 e5 6. Bxe5
Bb4 7. exf5 Nc6 8. Bxg7 Qd5 9. Qe2+ Nge7 10. O-O-O O-O-O 11. Nxd5 Nxd5 12. Bxh8
Nf4 13. Qxc4 Ne7 14. Qxb4 Rxh8 15. g3 Nfd5 16. Qc5 Nf6 17. Qxa7 Rg8 18. Bd3 Ng4
19. Nh3 c6 20. Rhe1 Kc7 21. Rxe7+ Kd6 22. Qxb7 Kd5 23. Nf4+ Kxd4 24. Re4+ Kc5
25. Qb4# 1-0

[Event "26e tournoi 1hKO"]
[Site "Montigny le Bretonneux"]
[Date "2024.05.11"]
[Round "6.18"]
[White "Orfila, Leila"]
[Black "El Yaalaoui, Asiya"]
[Result "0-1"]
[WhiteElo "1009"]
[BlackElo "1099"]
[Annotator "Rivier,Sylvain"]
[PlyCount "86"]
[EventDate "2024.??.??"]
[WhiteTeam "Club d'Echecs de Guyancourt"]
[BlackTeam "Club d'Echecs de Guyancourt"]

{Partie italienne} 1. e4 e5 2. Nf3 Nc6 3. Bc4 Bc5 4. O-O Nf6 5. Nc3 O-O 6. d3
d6 7. h3 h6 8. d4 exd4 9. e5 dxe5 10. Ne2 Bf5 11. Ng3 Be4 12. Nxe4 Nxe4 13. Qe2
Ng5 14. h4 Nxf3+ 15. gxf3 Qxh4 16. Bd3 g6 17. Qd2 Be7 18. Qc3 dxc3 19. bxc3 Bg5
20. Bxg5 Qxg5+ 21. Kh1 Ne7 22. Rg1 Qh4+ 23. Kg2 Nf5 24. Rh1 Qg5+ 25. Kf1 Rad8
26. Rg1 Qf4 27. Rg4 Qh2 28. Rg2 Qh5 29. Bxf5 Qxf3 30. Bg4 Qxc3 31. Rd1 Rxd1+
32. Bxd1 Rd8 33. Ke2 e4 34. Rg3 Qb2 35. Rb3 Qxa2 36. Re3 Qb1 37. f4 Qxd1+ 38.
Kf2 Rd2+ 39. Kg3 Rxc2 40. Rb3 a5 41. Rb5 Qe1+ 42. Kg4 Rg2+ 43. Kh3 Qh1# 0-1

[Event "26e tournoi 1hKO"]
[Site "Montigny le Bretonneux"]
[Date "2024.05.11"]
[Round "6.19"]
[White "Berhaut, Antoine"]
[Black "Gabory, Donatien"]
[Result "1/2-1/2"]
[WhiteElo "1009"]
[BlackElo "1009"]
[Annotator "Rivier,Sylvain"]
[PlyCount "149"]
[EventDate "2024.??.??"]
[WhiteTeam "Club d'Echecs de Guyancourt"]
[BlackTeam "Club d'Echecs de Guyancourt"]

{Partie italienne} 1. e4 e5 2. Nf3 Nc6 3. Bc4 Bc5 4. Nc3 Nf6 5. O-O O-O 6. d3
d6 7. Bg5 Be6 8. Bxe6 fxe6 9. Bxf6 Rxf6 10. Re1 Nd4 11. Nxd4 Bxd4 12. Rf1 c5
13. Rb1 Qb6 14. Ne2 c4 15. Nxd4 Qxd4 16. c3 Qc5 17. b4 Qb5 18. dxc4 Qxc4 19.
Rc1 Qxa2 20. Rc2 Qb3 21. Qb1 Qc4 22. Rd1 Qxe4 23. Rcd2 d5 24. Qxe4 dxe4 25.
Rd8+ Rxd8 26. Rxd8+ Kf7 27. Rd2 g5 28. Re2 Rf4 29. g3 Rf3 30. c4 Rc3 31. Rxe4
Kf6 32. g4 Rc1+ 33. Kg2 a6 34. b5 axb5 35. cxb5 Rb1 36. Re3 Rxb5 37. Rf3+ Ke7
38. Ra3 Rb4 39. Kg3 Kd6 40. Ra5 b6 41. Ra6 Kc6 42. Ra7 e4 43. Rxh7 Rb3+ 44. Kg2
Rb2 45. Kf1 b5 46. Rg7 Rb1+ 47. Kg2 b4 48. Rxg5 b3 49. Re5 Re1 50. Rxe6+ Kb5
51. Re7 Kb4 52. Rb7+ Ka3 53. g5 b2 54. g6 b1=Q 55. Rxb1 Rxb1 56. h4 Rb2 57. h5
e3 58. g7 e2 59. g8=Q e1=Q 60. Qa8+ Kb3 61. Qf3+ Ka2 62. h6 Qe7 63. Qd3 Qf6 64.
Qe3 Rb3 65. Qa7+ Kb2 66. Qg7 Qxg7+ 67. hxg7 Rb8 68. f4 Rg8 69. Kf3 Kc3 70. Ke4
Rxg7 71. f5 Rf7 72. Ke5 Kc4 73. f6 Kc5 74. Ke6 Rxf6+ 75. Kxf6 1/2-1/2